[Event "NED-ch U13 Girls"]
[Site "Rijswijk"]
[Date "2006.05.27"]
[Round "7"]
[White "Boon, Floor"]
[Black "Kirana, Nancy"]
[Result "0-1"]
[WhiteElo "1020"]
[BlackElo "1488"]
[PlyCount "102"]
[EventDate "2006.05.25"]
[EventType "swiss"]
[EventRounds "9"]
[EventCountry "NED"]
[SourceTitle "EXT 2009"]
[Source "ChessBase"]
[SourceDate "2008.11.26"]
[SourceVersion "1"]
[SourceVersionDate "2008.11.26"]
[SourceQuality "1"]

1. e4 e5 2. Nf3 Nc6 3. d4 exd4 4. c3 Nf6 5. cxd4 Nxe4 6. Nc3 Nxc3 7. bxc3 d5 8. Bb5 Bd6 9. 0-0 0-0 10. Be3 h6 11. Rb1 Bf5 12. Rb2 Qe7 13. Re1 Qf6 14. Bxc6 bxc6 15. Rb7 Rfb8 16. Rxb8+ Rxb8 17. Qa4 Bg4 18. Nd2 Rb6 19. Qxa7 Be6 20. g3 Qg6 21. Qa4 f5 22. Kh1 Bd7 23. f4 Rb8 24. Nf3 Qg4 25. Ne5 Bxe5 26. dxe5 Rb2 27. Qd1 Qh3 28. Re2 Rb7 29. a4 Be8 30. Bd4 Bh5 31. a5 Bf3+ 32. Kg1 Bxe2 33. Qxe2 Rb1+ 34. Kf2 Qxh2+ 35. Kf3 Qxe2+ 36. Kxe2 Ra1 37. Kf2 Rxa5 38. Kg2 c5 39. Be3 Kf7 40. Kh3 Ra3 41. Bxc5 Rxc3 42. Bd4 Rc4 43. Ba7 d4 44. Bxd4 Rxd4 45. Kg2 c5 46. Kf3 c4 47. Ke3 Rd8 48. Kf2 c3 49. Kg2 c2 50. Kh3 c1Q 51. Kh4 Qh1# 0-1